| 000 | 00865nam a2200217 a 4500 | ||
|---|---|---|---|
| 005 | 20250605063836.0 | ||
| 008 | 991125s1982 mx 000 0 spa u | ||
| 035 | _aUPN01000017527 | ||
| 049 | _aCG | ||
| 050 | 4 |
_aLC4035 M6 _bG3.4 |
|
| 100 | 1 | _aGaleana Romano, Humberto | |
| 245 | 1 | 0 |
_aEducación especial en México : _bintroducción a la historia de la educación especial hacia los atípicos / _cHumberto Galeana Romano, Amanda Rosales García, Jesús Suaste Aguirre. |
| 260 |
_a[México] : _bInvestigación sobre Educación, _c1982. |
||
| 300 |
_a[69] h. : _bil., cuadros |
||
| 650 | 4 |
_aEducación especial _zMéxico _94834 |
|
| 650 | 4 |
_aEDUCACION ESPECIAL - _xFINES Y OBJETIVOS _910637 |
|
| 650 | 4 |
_aNIÑOS DE LENTO APRENDIZAJE - _xEDUCACION _910354 |
|
| 700 | 1 |
_aRosales García, Amanda, _ecoaut. |
|
| 700 | 1 |
_aSuaste Aguirre, Jesús, _ecoaut. |
|
| 905 | _aLibro | ||
| 999 |
_c17527 _d17527 |
||